| 000 | 01134nam a2200253 a 4500 | ||
|---|---|---|---|
| 001 | 000031694 | ||
| 003 | DO-SdBNP | ||
| 005 | 20250306132504.0 | ||
| 008 | 110630nuuuuuuuudr ab 000 | spa d | ||
| 040 |
_aDO-SdBNP _bspa _cBNPHU |
||
| 049 | _aBNPD | ||
| 082 |
_axxx _bM497a |
||
| 100 | 1 |
_aMeggers, Betty J. _957970 |
|
| 245 | 1 | 0 |
_aAspectos arqueológicos de las tierras bajas de Suramérica y las Antillas / _cBetty J. Meggers y Clifford Evans. |
| 260 |
_aSanto Domingo : _bCentro Dominicano de Investigaciones Antropológicas, _c[19--?]. |
||
| 300 |
_a40 p. : _bil., mapas ; _c20 cm. |
||
| 490 | 1 |
_aCuadernos del CENDIA _v258/4 |
|
| 500 | _aTraducido del libro Ancient native Americans, editado por Jesse D. Jennings, 1978, y publicado con el permiso de W.H. Freeman and Co., San Francisco, California, USA. Traducción de Bernardo Dougherty." | ||
| 504 | _aIncluye referencias bibliográficas. | ||
| 700 | 1 |
_aEvans,Clifford _957971 |
|
| 710 | 1 |
_aUniversidad Autónoma de Santo Domingo _bCentro Dominicano de Investigaciones Antropológicas (CENDIA) _972951 |
|
| 830 | 0 |
_aCuadernos del CENDIA; _n258/4 _957972 |
|
| 942 |
_2ddc _cLF2 |
||
| 999 |
_c31186 _d31186 |
||